Dictionnaire des gallicismes les plus usités: expliqués brièvement, illustrés par des exemples et accompagnés de leurs équivalents anglais et allemands

Uloženo v:
Podrobná bibliografie
Hlavní autor: Pradez, Elisabeth (Autor)
Médium: Kniha
Jazyk:francouzština
angličtina
němčina
Vydáno: París Payot 1951
Témata:
Tagy: Přidat tag
Žádné tagy, Buďte první, kdo vytvoří štítek k tomuto záznamu!

MARC

LEADER 00000nam a2200000 a 4500
001 UCT3062
003 CL-VaPUC
008 961018e19510000FR |||||||||||||||||fre|d
041 0 7 |a fre  |2 CL-VaPUC 
041 0 7 |a eng  |2 CL-VaPUC 
041 0 7 |a ger  |2 CL-VaPUC 
082 0 4 |a 417.2  |b PRA  |2 21 
100 0 |a Pradez, Elisabeth  |e author  |9 372049 
245 1 0 |a Dictionnaire des gallicismes les plus usités: expliqués brièvement, illustrés par des exemples et accompagnés de leurs équivalents anglais et allemands 
300 |a 387 p 
942 |c BK 
945 |d 19961018 00:00:00  |a cmena 
260 |a París  |b Payot  |c 1951 
650 0 |a Diccionarios  |9 256200 
650 0 |a Glosarios  |9 261047 
650 7 |a FRANCES  |2 CL-VaPUC  |9 259059 
650 7 |a LENGUAS ROMANCES  |2 CL-VaPUC  |9 346632 
650 0 |a Alemán   |9 330722 
650 0 |a Inglés  |9 260023 
583 |a last modification  |c 19961018 00:00:00  |k Rodrigo Vera 
999 |c 252888  |d 252886